Zachowania strategiczne przedsiebiorstw rodzinnych w RFN.

Rodinné podniky v SRN tvoria významnú špecifickú skupinu podnikov. Tieto rodinné podniky neprikladajú veľký význam strategickým úvahám. Naproti tomu majú svoj systém hodnôt, najmä pokiaľ ide o operatívne rozhodnutia, o tradíciu a o vzťah členov rodiny k firme. Snaha o zachovanie a samostatnosť rodin...

Descrizione completa

Salvato in:
Dettagli Bibliografici
Autore principale: Safin, K.
Natura: Capitolo di libro
Lingua:polacco
Soggetti:
Tags: Aggiungi Tag
Nessun Tag, puoi essere il primo ad aggiungerne!!

MARC

LEADER 00000naa a2200000 4500
001 r012216
005 20220826093315.0
041 0 |a pol 
044 |a PL 
245 1 0 |a Zachowania strategiczne przedsiebiorstw rodzinnych w RFN.  |c K. Safin 
520 |a Rodinné podniky v SRN tvoria významnú špecifickú skupinu podnikov. Tieto rodinné podniky neprikladajú veľký význam strategickým úvahám. Naproti tomu majú svoj systém hodnôt, najmä pokiaľ ide o operatívne rozhodnutia, o tradíciu a o vzťah členov rodiny k firme. Snaha o zachovanie a samostatnosť rodinných podnikov. Finančná politika týchto podnikov je skôr krátko- ako dlhodobá. V druhej alebo tretej generácii sa najčastejšie mení právna forma firmy a jej rozhodovanie sa opiera o plánovacie prvky. 
610 2 0 |a podnik rodinný 
610 2 0 |a Nemecko 
610 2 0 |a samostatnosť podnikov 
610 2 0 |a hospodárenie finančné 
610 2 0 |a stratégia podniková 
610 2 0 |a ciele podnikové 
100 1 |a Safin, K.